| 000 | 00675nam a2200229Ia 4500 | ||
|---|---|---|---|
| 008 | 260312s9999 xx 000 0 und d | ||
| 020 | _a9506990204 | ||
| 082 | _a 320.983 P769a 1989 HNA | ||
| 100 |
_aPolitzer, Patricia _935485 |
||
| 245 | 0 | _aAltamirano. | |
| 250 | _a1a. edición | ||
| 260 | _aGrupo Editorial Zeta Ediciones Melquíades | ||
| 260 | _bBuenos Aires, Argentina | ||
| 260 | _c1989 | ||
| 300 | _a194p. | ||
| 500 | _aColección Humberto Nogueira Alcalá | ||
| 650 |
_aAltamirano Orrego, Carlos, 1922- -- Entrevistas  _935486 |
||
| 650 |
_aChile _9121 |
||
| 650 |
_aEntrevistas _92591 |
||
| 650 |
_aSocialismo _92490 |
||
| 942 |
_2ddc _cLIBRO |
||
| 999 |
_c20301 _d20301 |
||